[Event "DEM U12/U12w 2015"]
[Site "Willingen GER"]
[Date "2015.05.24"]
[Round "1"]
[White "Nguyen, Vanessa"]
[Black "Heckmann, Till"]
[Result "1/2-1/2"]
[Termination "normal"]
[Board "46"]
[WhiteElo "923"]
[BlackElo "1527"]
[PlyCount "118"]
[WhiteFideId "12993492"]
[BlackFideId "12987093"]
[EventCountry "GER"]
[EventRounds "11"]
[EventType "swiss"]
[EventDate "2015.05.23"]

1. e4 e5 2. Nf3 Nc6 3. Be2 Nf6 4. Nc3 Bc5 5. Nxe5 Bxf2+ 6. Kxf2 Nxe5 7. d4 Nc6
8. Rf1 d6 9. Kg1 O-O 10. Bg5 Kh8 11. Nd5 h6 12. Bxf6 gxf6 13. Nxf6 Ne7 14. e5
dxe5 15. dxe5 Qxd1 16. Raxd1 Be6 17. a3 Nc6 18. Bf3 Nxe5 19. Bxb7 Rab8 20. Bd5
Rxb2 21. Rf2 Bxd5 22. Rxd5 Rb1+ 23. Rf1 Rxf1+ 24. Kxf1 Nc4 25. Rc5 Nxa3 26.
Rxc7 Nb5 27. Rb7 Nd4 28. c3 Nc6 29. Rc7 Ne5 30. Rxa7 Kg7 31. Nd7 Re8 32. Nxe5
Rxe5 33. Ra2 Kf6 34. Rd2 Re3 35. c4 Re4 36. c5 Re6 37. Rc2 Rc6 38. Kf2 Kf5 39.
Kf3 h5 40. h3 Ke5 41. g4 hxg4+ 42. hxg4 f5 43. g5 f4 44. Kg4 Ke4 45. Kh5 Kd3
46. Rc1 f3 47. g6 Kd2 48. Rf1 Rxc5+ 49. Kh6 Ke2 50. g7 Kxf1 51. g8=Q f2 52. Qf8
Re5 53. Qf6 Re1 54. Qa6+ Kg2 55. Qc6+ Kg3 56. Qc3+ Kh2 57. Qc7+ Kg1 58. Qg7+
Kf1 59. Kh5 Ke2 1/2-1/2

[Event "DEM U12/U12w 2015"]
[Site "Willingen GER"]
[Date "2015.05.24"]
[Round "2"]
[White "Huber, Benedikt"]
[Black "Trifan, Andrei Ioan"]
[Result "1/2-1/2"]
[Termination "normal"]
[Board "1"]
[WhiteElo "1729"]
[BlackElo "1864"]
[WhiteClock "00:09:12"]
[BlackClock "00:05:48"]
[PlyCount "81"]
[WhiteFideId "12923583"]
[BlackFideId "12967068"]
[EventCountry "GER"]
[EventRounds "11"]
[EventType "swiss"]
[EventDate "2015.05.23"]

1. d4 d5 2. Nc3 Nf6 3. Bg5 c5 4. Bxf6 exf6 5. dxc5 d4 6. Ne4 Bf5 7. Nd6+ Bxd6
8. cxd6 Qxd6 9. c3 Qb6 10. Qb3 dxc3 11. bxc3 Qc7 12. e3 O-O 13. Nf3 Nd7 14. Be2
Nc5 15. Qc4 Be6 16. Qb4 a5 17. Qa3 Ne4 18. Rc1 Rfc8 19. c4 Nd6 20. c5 Ne4 21.
c6 bxc6 22. Nd4 Bd7 23. Bf3 Qe5 24. Bxe4 Qxe4 25. O-O a4 26. Rc5 Ra6 27. Rfc1
Qe7 28. Qd3 Rb6 29. h3 g6 30. Qc3 Qd6 31. Qa5 Rb2 32. Qxa4 Rb1 33. Qc2 Rxc1+
34. Qxc1 Ra8 35. Nxc6 Rxa2 36. Nd4 Qa6 37. Qd1 Qa3 38. Rc1 Ba4 39. Qe1 Kg7 40.
Qc3 Qd6 41. Qc5 1/2-1/2

[Event "DEM U12/U12w 2015"]
[Site "Willingen GER"]
[Date "2015.05.24"]
[Round "2"]
[White "Bosselmann, Tom Linus"]
[Black "Weishäutel, Moritz"]
[Result "0-1"]
[Termination "normal"]
[Board "2"]
[WhiteElo "1720"]
[BlackElo "1963"]
[WhiteClock "00:54:41"]
[BlackClock "00:17:49"]
[PlyCount "78"]
[WhiteFideId "12983845"]
[BlackFideId "12967300"]
[EventCountry "GER"]
[EventRounds "11"]
[EventType "swiss"]
[EventDate "2015.05.23"]

1. e4 e5 2. Nf3 Nc6 3. Bc4 Bc5 4. O-O Nf6 5. d4 Bxd4 6. Nxd4 Nxd4 7. Bg5 h6 8.
Bh4 g5 9. f4 d5 10. exd5 Bg4 11. Qd2 Nxd5 12. fxe5 gxh4 13. Qxd4 Be6 14. Na3
Rg8 15. Rad1 c6 16. Rd2 Rg4 17. Qf2 Qb6 18. Qxb6 axb6 19. Nb5 cxb5 20. Bxd5
Bxd5 21. Rxd5 Rb4 22. Rd6 Rxa2 23. Rxb6 Rbxb2 24. Rxb7 Rxc2 25. Rb8+ Ke7 26.
Rb7+ Ke8 27. Rb8+ Kd7 28. Rd1+ Kc7 29. Rxb5 Rxg2+ 30. Kf1 Rgf2+ 31. Kg1 Rg2+
32. Kf1 Rxh2 33. Rc1+ Kd7 34. Kg1 Rag2+ 35. Kf1 h3 36. Rb7+ Ke6 37. Rb6+ Kf5
38. Rf6+ Kxe5 39. Rf2 Rxf2+ 0-1

[Event "DEM U12/U12w 2015"]
[Site "Willingen GER"]
[Date "2015.05.24"]
[Round "2"]
[White "Tong, Kevin"]
[Black "Biermann, Florian"]
[Result "1-0"]
[Termination "normal"]
[Board "3"]
[WhiteElo "2017"]
[BlackElo "1709"]
[WhiteClock "00:01:54"]
[BlackClock "00:01:47"]
[PlyCount "73"]
[WhiteFideId "12913944"]
[BlackFideId "12970069"]
[EventCountry "GER"]
[EventRounds "11"]
[EventType "swiss"]
[EventDate "2015.05.23"]

1. e4 c5 2. Nf3 e6 3. d4 cxd4 4. Nxd4 a6 5. c4 Nf6 6. Nc3 Qc7 7. Nc2 d6 8. Be3
Nbd7 9. Be2 b6 10. O-O Bb7 11. f3 Be7 12. Rc1 O-O 13. Qe1 Rac8 14. Qf2 Qb8 15.
Rfd1 Ne5 16. Na3 b5 17. cxb5 axb5 18. Naxb5 d5 19. exd5 Nxd5 20. Nxd5 Bxd5 21.
b3 Bf6 22. Ba7 Qb7 23. Nd6 Rxc1 24. Nxb7 Rxd1+ 25. Bxd1 Bxb7 26. Bc2 Rc8 27. h3
g5 28. Be3 Rc3 29. Be4 Bxe4 30. fxe4 Kg7 31. Bd4 Rd3 32. Be3 Nc6 33. Kh2 Be5+
34. g3 f6 35. Qe2 Rc3 36. Bf2 h5 37. Kg2 1-0

[Event "DEM U12/U12w 2015"]
[Site "Willingen GER"]
[Date "2015.05.24"]
[Round "2"]
[White "Suvorov, Alexander"]
[Black "Paeslack, Luis"]
[Result "1/2-1/2"]
[Termination "normal"]
[Board "4"]
[WhiteElo "1938"]
[BlackElo "1775"]
[WhiteClock "00:03:14"]
[BlackClock "00:02:55"]
[PlyCount "59"]
[WhiteFideId "12977063"]
[BlackFideId "12987760"]
[EventCountry "GER"]
[EventRounds "11"]
[EventType "swiss"]
[EventDate "2015.05.23"]

1. d4 c5 2. d5 d6 3. Nc3 g6 4. e4 Bg7 5. Nf3 Nf6 6. Be2 O-O 7. Nd2 e6 8. O-O
exd5 9. exd5 Bf5 10. Nc4 a6 11. a4 Qc7 12. Bf4 Rd8 13. a5 Bf8 14. Bf3 Re8 15.
Qd2 Nbd7 16. Rfe1 b5 17. axb6 Nxb6 18. Na5 Rxe1+ 19. Rxe1 Bd7 20. h3 h5 21. b3
Kh7 22. Bg5 Kg7 23. Qf4 Nh7 24. Bh6+ Kg8 25. Bxf8 Rxf8 26. Re7 Nc8 27. Nc6 Nxe7
28. Nxe7+ Kg7 29. Nc6 Bf5 30. Qd2 1/2-1/2

[Event "DEM U12/U12w 2015"]
[Site "Willingen GER"]
[Date "2015.05.24"]
[Round "2"]
[White "Sulayev, Daniel"]
[Black "Zimmer, Raphael"]
[Result "0-1"]
[Termination "normal"]
[Board "5"]
[WhiteElo "1709"]
[BlackElo "1977"]
[WhiteClock "00:48:41"]
[BlackClock "00:22:38"]
[PlyCount "70"]
[WhiteFideId "12977675"]
[BlackFideId "12978841"]
[EventCountry "GER"]
[EventRounds "11"]
[EventType "swiss"]
[EventDate "2015.05.23"]

1. e4 e5 2. Nf3 Nc6 3. Bb5 a6 4. Ba4 Nf6 5. O-O Be7 6. Qe2 b5 7. Bb3 O-O 8. d4
exd4 9. e5 Ne8 10. c3 d6 11. cxd4 Rb8 12. h3 dxe5 13. dxe5 Nd4 14. Nxd4 Qxd4
15. Rd1 Qb6 16. Be3 c5 17. Nc3 Nc7 18. Nd5 Nxd5 19. Bxd5 Qg6 20. Qf3 Bf5 21.
Rac1 c4 22. b3 Ba3 23. Ba7 Rbd8 24. Rc3 Rxd5 25. Qxd5 Be4 26. Rg3 Bxd5 27. Rxg6
hxg6 28. Rxd5 Rc8 29. bxc4 bxc4 30. Rd2 c3 31. Rc2 Bb4 32. Bd4 Rd8 33. a3 Bxa3
34. Rxc3 Bb2 35. Bb6 Rd1+ 0-1

[Event "DEM U12/U12w 2015"]
[Site "Willingen GER"]
[Date "2015.05.24"]
[Round "2"]
[White "Suvorov, Luca"]
[Black "Helmer, Jan"]
[Result "0-1"]
[Termination "normal"]
[Board "6"]
[WhiteElo "1832"]
[BlackElo "1691"]
[WhiteClock "00:01:04"]
[BlackClock "00:11:42"]
[PlyCount "116"]
[WhiteFideId "12977071"]
[BlackFideId "12956686"]
[EventCountry "GER"]
[EventRounds "11"]
[EventType "swiss"]
[EventDate "2015.05.23"]

1. d4 e6 2. c4 d5 3. Nf3 Nf6 4. Nc3 b6 5. a3 Bb7 6. cxd5 exd5 7. Bg5 Be7 8. e3
O-O 9. Bd3 Ne4 10. Bxe7 Qxe7 11. Qc2 Nd7 12. O-O c5 13. Rfd1 f5 14. dxc5 Ndxc5
15. b4 Nxd3 16. Qxd3 Rfd8 17. Nd4 Qf6 18. Rac1 Rac8 19. b5 f4 20. exf4 Qxf4 21.
f3 Nc5 22. Qd2 Qxd2 23. Rxd2 Re8 24. Nce2 Re3 25. Nf5 Re5 26. Ned4 Nb3 27. Nxb3
Rxc1+ 28. Nxc1 Rxf5 29. Nb3 Re5 30. Kf2 Kf7 31. Rc2 Re7 32. Nd4 Ke8 33. Nf5 Rd7
34. Ke3 Kf7 35. Kd4 Kf6 36. Ne3 h5 37. h4 g6 38. g4 hxg4 39. fxg4 Ke6 40. Rf2
Rh7 41. Ng2 Rc7 42. Nf4+ Kd6 43. g5 Rc4+ 44. Kd3 Kc5 45. Nxg6 Ra4 46. Nf4 Rxa3+
47. Ke2 d4 48. Nd3+ Kc4 49. Ne1 Rh3 50. Rf4 Rh2+ 51. Kd1 Kc3 52. Rg4 d3 53. Rg3
Rd2+ 54. Kc1 Be4 55. Nxd3 Bxd3 56. g6 Ra2 57. Rxd3+ Kxd3 58. h5 Rg2 0-1

[Event "DEM U12/U12w 2015"]
[Site "Willingen GER"]
[Date "2015.05.24"]
[Round "2"]
[White "Köllner, Ruben Gideon"]
[Black "Pajeken, Jakob Leon"]
[Result "1/2-1/2"]
[Termination "normal"]
[Board "7"]
[WhiteElo "1649"]
[BlackElo "1797"]
[WhiteClock "00:18:42"]
[BlackClock "00:14:45"]
[PlyCount "106"]
[WhiteFideId "12993093"]
[BlackFideId "12942839"]
[EventCountry "GER"]
[EventRounds "11"]
[EventType "swiss"]
[EventDate "2015.05.23"]

1. d4 d5 2. Nf3 Nf6 3. e3 c5 4. c3 Qc7 5. Bd3 Nbd7 6. O-O g6 7. Nbd2 Bg7 8. e4
dxe4 9. Nxe4 Nxe4 10. Bxe4 O-O 11. Be3 cxd4 12. Bxd4 e5 13. Be3 Nf6 14. Bc2 b6
15. Qe2 Bb7 16. Rad1 a5 17. Rfe1 Ng4 18. Nd2 Nxe3 19. Qxe3 Kh8 20. Be4 Bxe4 21.
Nxe4 Rad8 22. Ng5 Rde8 23. Qh3 h6 24. Rd7 Qc4 25. b3 Qf4 26. Ne4 Rd8 27. Nd6
Kg8 28. Nc4 f5 29. Rxd8 Rxd8 30. Qg3 Qxg3 31. hxg3 e4 32. Nxb6 Bxc3 33. Rc1 Bd4
34. Nc4 Rd5 35. Kf1 Kf7 36. Rd1 Ke6 37. Nxa5 Rxa5 38. Rxd4 Rxa2 39. Rb4 Ra6 40.
Rb8 Kd6 41. b4 Kc7 42. Rg8 Rd6 43. Ke2 Kc6 44. Rb8 Rd5 45. Ke3 Kc7 46. Rg8 Rd6
47. g4 fxg4 48. Kxe4 g5 49. Rh8 Rf6 50. Ke5 Rxf2 51. Rxh6 Rxg2 52. Rg6 Rb2 53.
Rxg5 Rxb4 1/2-1/2

[Event "DEM U12/U12w 2015"]
[Site "Willingen GER"]
[Date "2015.05.24"]
[Round "2"]
[White "Grabbel, Lennart"]
[Black "Yankelevich, Michael"]
[Result "0-1"]
[Termination "normal"]
[Board "8"]
[WhiteElo "1584"]
[BlackElo "1810"]
[WhiteClock "00:38:43"]
[BlackClock "01:09:19"]
[PlyCount "110"]
[WhiteFideId "16201620"]
[BlackFideId "12921440"]
[EventCountry "GER"]
[EventRounds "11"]
[EventType "swiss"]
[EventDate "2015.05.23"]

1. d4 d5 2. c4 dxc4 3. e4 Nf6 4. Nc3 e6 5. Bxc4 a6 6. Bg5 b5 7. Bb3 Be7 8. Nf3
Bb7 9. Bc2 O-O 10. Qd3 Nc6 11. e5 Nb4 12. Qd2 Nxc2+ 13. Qxc2 Nd5 14. Nxd5 Bxd5
15. Be3 Rc8 16. Nd2 Bg5 17. O-O Bxe3 18. fxe3 Qg5 19. Nb3 Qxe3+ 20. Qf2 Qxf2+
21. Rxf2 Rfd8 22. Nc5 a5 23. Raf1 Bc4 24. Rd1 b4 25. b3 Bb5 26. Rc2 Rd5 27. Nb7
a4 28. Nd6 axb3 29. axb3 Rd8 30. Rxc7 f6 31. Nc8 Rxd4 32. Rxd4 Rxd4 33. Nd6
Rd1+ 34. Kf2 Rf1+ 35. Kg3 fxe5 36. Nxb5 Rb1 37. Re7 Rxb3+ 38. Kf2 Rb2+ 39. Kf3
e4+ 40. Kg3 Rb3+ 41. Kf4 Rb2 42. Kg3 Rb3+ 43. Kf2 e3+ 44. Kf3 Rd3 45. Rxe6 b3
46. Rxe3 b2 47. Rxd3 b1=Q 48. Rd8+ Kf7 49. Rb8 Qf5+ 50. Kg3 Qe5+ 51. Kh3 Qxb8
52. Nd4 Kf6 53. Nf3 h5 54. Kh4 Qf4+ 55. Kh3 Qg4# 0-1

[Event "DEM U12/U12w 2015"]
[Site "Willingen GER"]
[Date "2015.05.24"]
[Round "2"]
[White "Dietz, Florian"]
[Black "Rudolph, Eva"]
[Result "1-0"]
[Termination "normal"]
[Board "9"]
[WhiteElo "1844"]
[BlackElo "1573"]
[PlyCount "139"]
[WhiteFideId "12939897"]
[BlackFideId "16200594"]
[EventCountry "GER"]
[EventRounds "11"]
[EventType "swiss"]
[EventDate "2015.05.23"]

1. e4 e5 2. Nf3 Nf6 3. Nxe5 d6 4. Nf3 Nxe4 5. Nc3 Nf6 6. d4 Be7 7. Bd3 O-O 8.
O-O b6 9. Bf4 Bb7 10. Re1 Re8 11. Ne4 Nbd7 12. c3 Bf8 13. Qc2 h6 14. h3 Nd5 15.
Bg3 N7f6 16. a3 Nh5 17. c4 Nxg3 18. fxg3 Nf6 19. d5 Rc8 20. Qa4 Nxe4 21. Bxe4
a5 22. Nd4 Qf6 23. Rad1 g6 24. Qc2 Bg7 25. b3 Qg5 26. Qf2 Re7 27. Nb5 Be5 28.
Re3 Rce8 29. Rde1 Ba6 30. h4 Qg4 31. Bf3 Qf5 32. Re4 h5 33. Na7 Bb7 34. Kf1 Kf8
35. Qe3 Qf6 36. Nb5 Ba6 37. Na7 Bxg3 38. Rxe7 Qxe7 39. Qh6+ Kg8 40. Rxe7 Rxe7
41. Qd2 Re1+ 42. Qxe1 Bxe1 43. Kxe1 Kg7 44. Kd2 Kf6 45. Ke3 Kf5 46. Nc6 Kf6 47.
g4 hxg4 48. Bxg4 Bb7 49. Nd4 Ke5 50. Nb5 c6 51. dxc6 Bxc6 52. Nc3 d5 53. cxd5
Bxd5 54. Nxd5 Kxd5 55. Bd7 Ke5 56. Be8 Kf6 57. Ke4 Ke7 58. Bb5 Kf6 59. Kd5 Kf5
60. Be8 f6 61. h5 gxh5 62. Bxh5 Kg5 63. Be2 f5 64. Kc6 Kf4 65. Kxb6 Ke3 66. Bh5
a4 67. bxa4 f4 68. a5 f3 69. Bxf3 Kxf3 70. a6 1-0

[Event "DEM U12/U12w 2015"]
[Site "Willingen GER"]
[Date "2015.05.24"]
[Round "2"]
[White "Stork, Oliver"]
[Black "Wu, Luka"]
[Result "1-0"]
[Termination "normal"]
[Board "11"]
[WhiteElo "1844"]
[BlackElo "1580"]
[PlyCount "53"]
[WhiteFideId "12955728"]
[BlackFideId "12977420"]
[EventCountry "GER"]
[EventRounds "11"]
[EventType "swiss"]
[EventDate "2015.05.23"]

1. e4 e5 2. Nf3 Nc6 3. Bc4 Bc5 4. b4 Bxb4 5. c3 Ba5 6. d4 exd4 7. O-O Nge7 8.
cxd4 d5 9. exd5 Nxd5 10. Ba3 Bb4 11. Bxb4 Ncxb4 12. Re1+ Be6 13. a3 Nc6 14.
Bxd5 Qxd5 15. Nc3 Qa5 16. Qb3 O-O-O 17. Rxe6 fxe6 18. Rb1 b6 19. Qxe6+ Kb7 20.
Nb5 Rhe8 21. Qc4 Re4 22. Rc1 Re7 23. Qxc6+ Kb8 24. Nxc7 Rxc7 25. Qxc7+ Ka8 26.
Qxd8+ Kb7 27. Qc8# 1-0

[Event "DEM U12/U12w 2015"]
[Site "Willingen GER"]
[Date "2015.05.24"]
[Round "2"]
[White "Grund, Sebastian"]
[Black "Brückner, Alexander"]
[Result "1-0"]
[Termination "normal"]
[Board "12"]
[WhiteElo "1810"]
[BlackElo "1821"]
[PlyCount "57"]
[WhiteFideId "12988626"]
[BlackFideId "12952613"]
[EventCountry "GER"]
[EventRounds "11"]
[EventType "swiss"]
[EventDate "2015.05.23"]

1. Nf3 Nf6 2. g3 g6 3. Bg2 d5 4. c4 Bg7 5. O-O c6 6. d4 O-O 7. Nc3 Re8 8. cxd5
Nxd5 9. e4 Nb6 10. Be3 Nc4 11. Qb3 Nxe3 12. fxe3 e6 13. Nd2 Qc7 14. e5 Nd7 15.
Nce4 Nb6 16. Nd6 Re7 17. N2e4 h6 18. Rf2 Bd7 19. Nc5 Rb8 20. Qa3 a6 21. Ndxb7
Nc4 22. Qb4 Bc8 23. Qxc4 Bxb7 24. Raf1 Qc8 25. Ne4 Qd7 26. Bh3 Rc8 27. Rxf7
Rxf7 28. Bxe6 Qc7 29. Rxf7 1-0

[Event "DEM U12/U12w 2015"]
[Site "Willingen GER"]
[Date "2015.05.24"]
[Round "2"]
[White "Roho, Kevin"]
[Black "Wu, Leon"]
[Result "0-1"]
[Termination "normal"]
[Board "13"]
[WhiteElo "1825"]
[BlackElo "1574"]
[PlyCount "102"]
[WhiteFideId "12973734"]
[BlackFideId "12977438"]
[EventCountry "GER"]
[EventRounds "11"]
[EventType "swiss"]
[EventDate "2015.05.23"]

1. e4 e5 2. Bc4 Nf6 3. d4 exd4 4. Nf3 Nc6 5. O-O d5 6. exd5 Nxd5 7. Nxd4 Nxd4
8. Qxd4 Be6 9. Re1 c6 10. Bxd5 Qxd5 11. Qxd5 cxd5 12. c3 Bd6 13. Bg5 O-O 14.
Nd2 Rfe8 15. Nb3 Bd7 16. Rad1 Rxe1+ 17. Rxe1 Re8 18. Rxe8+ Bxe8 19. g3 f6 20.
Be3 a6 21. Kf1 Kf7 22. Ke1 g5 23. Nd4 Kg6 24. h3 f5 25. f4 h6 26. Kf2 Bd7 27.
Kf3 Kf6 28. g4 fxg4+ 29. hxg4 b5 30. Nc2 a5 31. Bd4+ Kf7 32. fxg5 hxg5 33. Ne3
Ke6 34. Nf5 Bf4 35. Be3 Bxe3 36. Nxe3 Ke5 37. Nc2 Kd6 38. b3 Kc5 39. a3 a4 40.
bxa4 bxa4 41. Ne3 d4 42. Nd1 dxc3 43. Nxc3 Kd4 44. Ne2+ Kd3 45. Ng1 Kc3 46. Nh3
Kb3 47. Nxg5 Kxa3 48. Ne4 Kb2 49. Nd2 Be6 50. Nf1 a3 51. Ne3 Bb3 0-1

[Event "DEM U12/U12w 2015"]
[Site "Willingen GER"]
[Date "2015.05.24"]
[Round "2"]
[White "Brunner, Sophia"]
[Black "Yi, Danny"]
[Result "0-1"]
[Termination "normal"]
[Board "14"]
[WhiteElo "1553"]
[BlackElo "1778"]
[PlyCount "96"]
[WhiteFideId "12960683"]
[BlackFideId "12988588"]
[EventCountry "GER"]
[EventRounds "11"]
[EventType "swiss"]
[EventDate "2015.05.23"]

1. d4 Nf6 2. e3 g6 3. f4 c5 4. c3 cxd4 5. exd4 d5 6. Nf3 Bg7 7. Bb5+ Bd7 8.
Bxd7+ Nbxd7 9. O-O O-O 10. Ne5 Ne4 11. Nd2 Nxd2 12. Nxd7 Nxf1 13. Nxf8 Kxf8 14.
Qxf1 Qb6 15. f5 Kg8 16. fxg6 hxg6 17. Qf2 Re8 18. Be3 a6 19. Rf1 Bf6 20. Bg5
Kg7 21. Qf4 Rh8 22. h4 Qe6 23. Bxf6+ exf6 24. g3 Rh5 25. Qf2 Rf5 26. Qe1 Qd7
27. Rxf5 Qxf5 28. a3 Qc2 29. Qf2 Qd1+ 30. Kg2 Qg4 31. Qf3 Qxf3+ 32. Kxf3 g5 33.
b3 b5 34. a4 Kg6 35. Kg4 f5+ 36. Kf3 Kh5 37. a5 Kg6 38. b4 Kh5 39. Ke3 f4+ 40.
gxf4 gxh4 41. f5 Kg5 42. f6 Kxf6 43. Kf4 h3 44. Kg3 Kf5 45. Kxh3 Kf4 46. Kh4 f5
47. Kh5 Ke4 48. Kg5 f4 0-1

[Event "DEM U12/U12w 2015"]
[Site "Willingen GER"]
[Date "2015.05.24"]
[Round "2"]
[White "Post, Hugo"]
[Black "Bui, Ngoc Han Julia"]
[Result "0-1"]
[Termination "normal"]
[Board "15"]
[WhiteElo "1774"]
[BlackElo "1596"]
[PlyCount "94"]
[WhiteFideId "12962490"]
[BlackFideId "12977055"]
[EventCountry "GER"]
[EventRounds "11"]
[EventType "swiss"]
[EventDate "2015.05.23"]

1. e4 e6 2. d4 d5 3. Nd2 Nf6 4. e5 Nfd7 5. Bd3 c5 6. c3 Nc6 7. Ne2 cxd4 8. cxd4
f6 9. exf6 Nxf6 10. O-O Bd6 11. Nf3 Qc7 12. Ng3 O-O 13. Re1 Bd7 14. a3 e5 15.
dxe5 Nxe5 16. Nxe5 Bxe5 17. Qc2 Bc6 18. Bg5 h6 19. Bd2 Ng4 20. Re2 Bd4 21. Be1
Rf6 22. Bf5 h5 23. Bxg4 hxg4 24. Bc3 Bxc3 25. Qxc3 Qb6 26. Qe3 Qxe3 27. Rxe3
Raf8 28. Re2 d4 29. Rd2 d3 30. Nf1 Bb5 31. a4 Ra6 32. b3 Re8 33. Rc1 Rc6 34.
Rxc6 Bxc6 35. Rxd3 b5 36. Rd6 Rc8 37. a5 b4 38. Rd1 Bb5 39. Ne3 Rc3 40. Rb1 Bd3
41. Re1 Rxb3 42. h3 gxh3 43. gxh3 Ra3 44. Nd5 b3 45. Nc3 Rxa5 46. Nd1 Ra1 47.
Kg2 Bc2 0-1

[Event "DEM U12/U12w 2015"]
[Site "Willingen GER"]
[Date "2015.05.24"]
[Round "2"]
[White "Knüdel, Torben"]
[Black "Englert, Jon"]
[Result "0-1"]
[Termination "normal"]
[Board "16"]
[WhiteElo "1553"]
[BlackElo "1682"]
[PlyCount "112"]
[WhiteFideId "16208820"]
[BlackFideId "12992275"]
[EventCountry "GER"]
[EventRounds "11"]
[EventType "swiss"]
[EventDate "2015.05.23"]

1. e4 d6 2. d4 Nf6 3. Nc3 g6 4. f4 Bg7 5. Nf3 O-O 6. h3 c5 7. Be3 Qa5 8. Bd3 c4
9. Bxc4 Nxe4 10. Bd2 Nxd2 11. Qxd2 Bd7 12. O-O e5 13. dxe5 dxe5 14. Kh1 Qc7 15.
Bb3 exf4 16. Nd5 Qd8 17. Qxf4 Nc6 18. Ng5 Be6 19. Rad1 Qa5 20. c3 Rad8 21. Nxe6
fxe6 22. Qc7 exd5 23. Rxf8+ Bxf8 24. Qxb7 Qb6 25. Qxb6 axb6 26. Rxd5 Kg7 27.
Rb5 Bc5 28. Ba4 Na7 29. Rb3 Kf6 30. c4 Ke5 31. Rf3 Rf8 32. Rxf8 Bxf8 33. Bd7
Kd4 34. Be6 Nc6 35. a3 Ne5 36. b3 Bxa3 37. Kh2 Bd6 38. h4 Nxc4+ 39. Kh3 Ne3 40.
g4 Ke5 41. Bg8 h6 42. Bf7 Kf6 43. Be8 Nd1 44. Kg2 Ne3+ 45. Kf3 Nc2 46. Ke4 Bg3
47. h5 g5 48. Kd5 Bf2 49. Bd7 Bg1 50. Kc4 Ke5 51. Kd3 Nd4 52. b4 Nf3 53. Ke2
Kf4 54. Kf1 Bd4 55. Kg2 Ne5 56. Kh3 Nxd7 0-1

[Event "DEM U12/U12w 2015"]
[Site "Willingen GER"]
[Date "2015.05.24"]
[Round "2"]
[White "Röhr, Tobias"]
[Black "Breitzmann, Sander"]
[Result "0-1"]
[Termination "normal"]
[Board "17"]
[WhiteElo "1742"]
[BlackElo "1415"]
[PlyCount "80"]
[WhiteFideId "12963089"]
[BlackFideId "12987085"]
[EventCountry "GER"]
[EventRounds "11"]
[EventType "swiss"]
[EventDate "2015.05.23"]

1. d4 d5 2. c4 c6 3. Nf3 Nf6 4. Nc3 e6 5. Bg5 Be7 6. e3 O-O 7. Qc2 h6 8. Bf4
Nh5 9. Be2 Nxf4 10. exf4 dxc4 11. Bxc4 Nd7 12. O-O Qc7 13. Ne5 Nxe5 14. dxe5 b5
15. Be2 Bb7 16. Nxb5 Qb6 17. Nc3 Rfd8 18. Rad1 Ba6 19. Bxa6 Qxa6 20. f5 exf5
21. Qxf5 Qa5 22. Ne4 Qxa2 23. Nd6 Bxd6 24. exd6 Qe6 25. Qc5 Rab8 26. Rfe1 Qd7
27. Re7 Qxe7 28. h3 Qf6 29. g4 Rxb2 30. d7 Rb7 31. Qe3 Qe6 32. Qc1 Rdxd7 33.
Re1 Qg6 34. f4 f5 35. Qc4+ Rd5 36. Kh1 fxg4 37. f5 Qxf5 38. hxg4 Qf3+ 39. Kg1
Qg3+ 40. Kf1 Rf7+ 0-1

[Event "DEM U12/U12w 2015"]
[Site "Willingen GER"]
[Date "2015.05.24"]
[Round "2"]
[White "Hinrichs, Paul"]
[Black "Rietschel, Tilo"]
[Result "1-0"]
[Termination "normal"]
[Board "18"]
[WhiteElo "1641"]
[BlackElo "1549"]
[PlyCount "105"]
[WhiteFideId "12942545"]
[BlackFideId "16208390"]
[EventCountry "GER"]
[EventRounds "11"]
[EventType "swiss"]
[EventDate "2015.05.23"]

1. d4 c5 2. d5 e6 3. c4 d6 4. e4 Nf6 5. Nc3 Be7 6. Nf3 O-O 7. Bd3 a6 8. a4 exd5
9. cxd5 Bg4 10. O-O Nbd7 11. Bf4 Rc8 12. Bc4 Ne5 13. Bxe5 dxe5 14. h3 Bxf3 15.
Qxf3 Bd6 16. Qe2 Re8 17. Rfc1 Nd7 18. b3 Qg5 19. f3 g6 20. Nd1 f5 21. Nb2 Nf6
22. Rf1 Nh5 23. Qf2 Ng3 24. Rfe1 fxe4 25. fxe4 Rf8 26. Qe3 Rf4 27. Kh2 Rg4 28.
Qxg5 Rxg5 29. Re3 Nh5 30. h4 Rg4 31. Kh3 Rf4 32. g3 Rf7 33. Be2 Nf6 34. Nc4 Rd8
35. g4 Bc7 36. g5 Nh5 37. Bxh5 gxh5 38. Kg3 Rf4 39. Rd1 Bd6 40. Nxd6 Rxd6 41.
Rc1 b6 42. a5 Rf7 43. axb6 Rb7 44. Rxc5 Rbxb6 45. Rf3 Rb8 46. Rfc3 Kf8 47. Rc8+
Rxc8 48. Rxc8+ Kf7 49. Rc7+ Kf8 50. Rxh7 Rb6 51. Rxh5 Rxb3+ 52. Kg4 a5 53. Rh8+
1-0

[Event "DEM U12/U12w 2015"]
[Site "Willingen GER"]
[Date "2015.05.24"]
[Round "2"]
[White "Meric, Geoffrey"]
[Black "Gheng, Dominik"]
[Result "1-0"]
[Termination "normal"]
[Board "19"]
[WhiteElo "1476"]
[BlackElo "1771"]
[PlyCount "47"]
[WhiteFideId "26092891"]
[BlackFideId "12906778"]
[EventCountry "GER"]
[EventRounds "11"]
[EventType "swiss"]
[EventDate "2015.05.23"]

1. e4 e5 2. Nf3 Nc6 3. Bc4 Bc5 4. O-O Nf6 5. d3 d6 6. c3 a6 7. a4 O-O 8. Nbd2
Bg4 9. h3 Bh5 10. Re1 Re8 11. Nf1 h6 12. Ng3 Bg6 13. b4 Bb6 14. Qb3 Re7 15. Nh4
Bh7 16. Nhf5 Rd7 17. Bb2 d5 18. exd5 Nxd5 19. Bxd5 Rxd5 20. b5 axb5 21. axb5
Rxa1 22. Bxa1 Na5 23. Qxd5 Qxd5 24. Ne7+ 1-0

[Event "DEM U12/U12w 2015"]
[Site "Willingen GER"]
[Date "2015.05.24"]
[Round "2"]
[White "Kopylov, Daniel"]
[Black "Pahl, Erik"]
[Result "1-0"]
[Termination "normal"]
[Board "20"]
[WhiteElo "1812"]
[BlackElo "1464"]
[PlyCount "141"]
[WhiteFideId "12921971"]
[BlackFideId "16201272"]
[EventCountry "GER"]
[EventRounds "11"]
[EventType "swiss"]
[EventDate "2015.05.23"]

1. e4 e5 2. Nf3 Nc6 3. d4 exd4 4. Nxd4 Bc5 5. Nb3 Bb6 6. Nc3 Nf6 7. Bg5 h6 8.
Bh4 g5 9. Bg3 d6 10. Qd2 Be6 11. O-O-O Qd7 12. f3 a6 13. Kb1 O-O-O 14. f4 g4
15. f5 Bxb3 16. axb3 Ba5 17. Bd3 Rde8 18. Rhe1 Ne5 19. Qe3 Kb8 20. Bh4 Ng8 21.
Rf1 Bxc3 22. bxc3 Qc6 23. Qd4 Ne7 24. Bf6 Rhg8 25. Bxe5 dxe5 26. Qxe5 Nc8 27.
Qd4 Rd8 28. Qc4 Qxc4 29. Bxc4 Nd6 30. Bd3 Rge8 31. Rde1 Re5 32. Rf4 h5 33. Kb2
Rde8 34. Re2 c6 35. Kc1 Kc7 36. Kd2 R8e7 37. h3 gxh3 38. gxh3 Ne8 39. Ke3 Nf6
40. Kf3 Kd8 41. b4 Kd7 42. Re1 Kd8 43. Kg3 Ke8 44. Kh4 Kf8 45. Kg5 Kg7 46. Rff1
Rd7 47. Kf4 Rde7 48. Re2 Re8 49. Ra1 R8e7 50. Ra5 Rxa5 51. bxa5 Kh6 52. c4 Nd7
53. e5 Nc5 54. Rg2 Nd7 55. e6 fxe6 56. Rg6+ Kh7 57. fxe6 Nf8 58. Rf6+ Kg7 59.
Kf5 Rc7 60. Ke5 Re7 61. Kf5 Rc7 62. c5 Re7 63. Bc4 Rc7 64. Rf7+ Rxf7+ 65. exf7
Ng6 66. Ke6 Kf8 67. Kf6 Ne7 68. Kg5 Nd5 69. Bxd5 cxd5 70. Kf6 h4 71. c3 1-0